[Event "BL 1415 SV Mülheim Nord - Schachfr. Be"]
[Site "?"]
[Date "2014.12.07"]
[Round "6.8"]
[White "Dinstuhl, Volkmar"]
[Black "Thiede, Lars"]
[Result "1/2-1/2"]
[WhiteElo "2416"]
[BlackElo "2446"]
[PlyCount "84"]
[EventDate "2014.??.??"]

1. d4 d6 2. Nf3 g6 3. c4 c5 4. dxc5 Qa5+ 5. Bd2 Qxc5 6. Bc3 Nf6 7. Nbd2 Bg7 8.
e3 O-O 9. Be2 Nbd7 10. O-O b6 11. a4 Bb7 12. a5 Ne4 13. Nxe4 Bxe4 14. b4 Qc7
15. Bxg7 Kxg7 16. axb6 axb6 17. Nd4 Nf6 18. f3 Bb7 19. Nb5 Qc6 20. Qd4 Ba6 21.
Nc3 e5 22. Qh4 Bb7 23. e4 Rxa1 24. Rxa1 Ra8 25. Rxa8 Bxa8 26. Qg5 Bb7 27. Qd2
Ne8 28. Bf1 Nc7 29. Nd5 Nxd5 30. exd5 Qa4 31. f4 Qa1 32. fxe5 Qxe5 33. Qf2 b5
34. Qd2 bxc4 35. Bxc4 h5 36. h3 h4 37. b5 Qe4 38. Qc3+ f6 39. Bb3 Bxd5 40. Bxd5
Qxd5 41. Qc7+ Kh6 42. b6 Qd4+ 1/2-1/2

[Event "BL 1415 SG Solingen - USV TU Dresden"]
[Site "?"]
[Date "2014.12.07"]
[Round "6.2"]
[White "Jussupow, Artur"]
[Black "Gajewski, Grzegorz"]
[Result "0-1"]
[WhiteElo "2581"]
[BlackElo "2643"]
[PlyCount "110"]
[EventDate "2014.??.??"]

1. d4 Nf6 2. c4 e6 3. Nc3 Bb4 4. e3 O-O 5. Bd3 d5 6. Nf3 b6 7. O-O Ba6 8. cxd5
exd5 9. Bxa6 Nxa6 10. Qe2 Qc8 11. Bd2 Re8 12. Rac1 Bf8 13. Ne5 c5 14. Qf3 Nc7
15. h3 Bd6 16. Ng4 Ne4 17. Rfd1 f5 18. Nh2 c4 19. Nxe4 fxe4 20. Qh5 g6 21. Qe2
Ne6 22. b3 b5 23. bxc4 bxc4 24. Bc3 h5 25. f4 exf3 26. Qxf3 Qc7 27. g3 Rad8 28.
Rc2 Bxg3 29. Nf1 Bh4 30. Qg2 Kh7 31. Nh2 Ng5 32. Be1 Bxe1 33. Qxg5 Qg3+ 34.
Qxg3 Bxg3 35. Nf1 Bh4 36. Re2 Rd7 37. Rc1 Rf7 38. e4 Rf4 39. Nd2 Bf6 40. e5 Bg7
41. Kg2 Rxd4 42. Nf3 Rd3 43. Rb1 c3 44. Rb7 Kg8 45. Rxa7 Rc8 46. Rc2 Bxe5 47.
Nxe5 Rd2+ 48. Kf3 Rf8+ 49. Ke3 Rxc2 50. Kd3 Rc1 51. Rc7 Rf2 52. Ke3 Rxa2 53.
Nd3 Rh1 54. Rxc3 Rxh3+ 55. Kf4 Rf2+ 0-1

[Event "BL 1415 SG Solingen - USV TU Dresden"]
[Site "?"]
[Date "2014.12.07"]
[Round "6.3"]
[White "Bartel, Mateusz"]
[Black "Nikolic, Predrag"]
[Result "0-1"]
[WhiteElo "2662"]
[BlackElo "2604"]
[PlyCount "120"]
[EventDate "2014.??.??"]

1. e4 e5 2. Nf3 Nc6 3. Bb5 a6 4. Ba4 Nf6 5. O-O Be7 6. Re1 b5 7. Bb3 d6 8. c3
O-O 9. d4 Bg4 10. Be3 exd4 11. cxd4 Na5 12. Bc2 Nc4 13. Bc1 c5 14. b3 Nb6 15.
a4 bxa4 16. bxa4 cxd4 17. Nbd2 Nfd7 18. a5 d3 19. Bxd3 Bf6 20. Ra3 Nc8 21. Bc4
Ne5 22. Bd5 Rb8 23. h3 Bd7 24. Nxe5 dxe5 25. Nc4 Ne7 26. Rd3 Nxd5 27. Rxd5 Qc7
28. Nb6 Be6 29. Ba3 Be7 30. Bxe7 Qxe7 31. Rxe5 f6 32. Rd5 Bxd5 33. exd5 Qb4 34.
Nd7 Rfe8 35. Re2 Rbd8 36. Re6 Qb5 37. Rxe8+ Rxe8 38. Qg4 Kh8 39. Nb6 Qxa5 40.
Qd7 Qe1+ 41. Kh2 Qe7 42. Qc6 Rd8 43. Nc4 Qd7 44. Qxa6 Qxd5 45. Qb6 Qd4 46. Qc7
h6 47. Ne3 Qd6+ 48. Qxd6 Rxd6 49. g4 Kh7 50. h4 g6 51. h5 Ra6 52. hxg6+ Kxg6
53. Kg3 Ra3 54. Kf4 Ra4+ 55. Kg3 Kg5 56. f3 h5 57. gxh5 f5 58. Nd5 f4+ 59. Kh3
Ra3 60. Kg2 Rd3 0-1

[Event "BL 1415 SG Solingen - USV TU Dresden"]
[Site "?"]
[Date "2014.12.07"]
[Round "6.4"]
[White "Naumann, Alexander"]
[Black "Socko, Bartosz"]
[Result "1/2-1/2"]
[WhiteElo "2549"]
[BlackElo "2614"]
[PlyCount "136"]
[EventDate "2014.??.??"]

1. d4 Nf6 2. c4 e6 3. Nc3 Bb4 4. Qc2 b6 5. e4 Bxc3+ 6. bxc3 d6 7. e5 dxe5 8.
dxe5 Nfd7 9. Qe4 c6 10. Ba3 f5 11. Qe3 c5 12. Rd1 Bb7 13. Rd6 Qe7 14. f4 Nf6
15. Rd1 Ne4 16. Nf3 Nc6 17. Nd2 Nxd2 18. Rxd2 Na5 19. Be2 Rd8 20. Rxd8+ Kxd8
21. O-O Kc7 22. Qh3 g6 23. Rd1 Ba6 24. Rd6 Nb7 25. Rd1 Rd8 26. Rxd8 Kxd8 27.
Bc1 Na5 28. a3 Kc7 29. Qh6 Bxc4 30. Bf3 Bb5 31. h4 Bc6 32. Be2 Be8 33. Be3 b5
34. h5 gxh5 35. Qf6 Qxf6 36. exf6 Kb6 37. Kh2 Nc6 38. Kg3 Nb8 39. c4 a6 40. Bd2
Nd7 41. Bc3 b4 42. Bb2 Nf8 43. Kh4 h6 44. Bxh5 Ng6+ 45. Kg3 Bf7 46. Bd1 a5 47.
Ba4 Kc7 48. axb4 axb4 49. Be5+ Nxe5 50. fxe5 Kd8 51. Kf4 Be8 52. Bc2 Bh5 53.
Ke3 Ke8 54. Ba4+ Kf7 55. g3 Bg4 56. Bb3 Bh3 57. Kf2 Kf8 58. Ba4 Bg4 59. Ke3 Bh5
60. Bc2 Be8 61. Bb3 Kf7 62. Bc2 Bc6 63. Bb3 Bg2 64. Kf2 Be4 65. Ke3 Bc6 66. Bc2
Be8 67. Kf4 Kg6 68. Bb3 Kf7 1/2-1/2

[Event "BL 1415 SG Solingen - USV TU Dresden"]
[Site "?"]
[Date "2014.12.07"]
[Round "6.5"]
[White "Maiwald, Jens-Uwe"]
[Black "Handke, Florian"]
[Result "1/2-1/2"]
[WhiteElo "2473"]
[BlackElo "2541"]
[PlyCount "69"]
[EventDate "2014.??.??"]

1. e4 e5 2. Bc4 Nf6 3. d3 Nc6 4. Nf3 Be7 5. O-O d6 6. a4 O-O 7. Re1 Na5 8. Ba2
c5 9. Nc3 Nc6 10. Nd5 Nxd5 11. Bxd5 Be6 12. c3 Kh8 13. Bd2 Rc8 14. Bxe6 fxe6
15. Rb1 Qd7 16. b4 cxb4 17. cxb4 Bd8 18. b5 Ne7 19. Qe2 Bb6 20. Rec1 Ng6 21.
Rxc8 Rxc8 22. g3 h6 23. Rc1 Rxc1+ 24. Bxc1 a6 25. bxa6 bxa6 26. Qc2 Qc7 27.
Qxc7 Bxc7 28. Ba3 Kg8 29. Kg2 Kf7 30. Nd2 Ke8 31. Kh3 Ne7 32. Kg4 g6 33. f4
exf4 34. gxf4 Ng8 35. Nb3 1/2-1/2

[Event "BL 1415 SG Solingen - USV TU Dresden"]
[Site "?"]
[Date "2014.12.07"]
[Round "6.6"]
[White "Appel, Ralf"]
[Black "Boensch, Uwe"]
[Result "1/2-1/2"]
[WhiteElo "2521"]
[BlackElo "2543"]
[PlyCount "159"]
[EventDate "2014.??.??"]

1. d4 d5 2. Bf4 c6 3. e3 Bf5 4. c4 dxc4 5. Bxc4 e6 6. Nc3 Nf6 7. Nge2 Nbd7 8.
O-O Nb6 9. Bb3 Be7 10. Ng3 Bg6 11. e4 h5 12. f3 h4 13. Nge2 Nfd7 14. Kh1 O-O
15. Qd2 Bf6 16. Be3 e5 17. f4 exd4 18. Nxd4 Bxd4 19. Qxd4 Nf6 20. f5 Bh5 21. e5
Qxd4 22. Bxd4 Nfd7 23. e6 c5 24. Bf2 c4 25. Bc2 fxe6 26. fxe6 Ne5 27. Bxh4
Rxf1+ 28. Rxf1 Re8 29. Rf5 Bg6 30. Rxe5 Bxc2 31. Nb5 Ba4 32. Nd6 Rf8 33. Kg1
Rf4 34. Bf2 c3 35. bxc3 Nc4 36. Nxc4 Rxc4 37. Bd4 Be8 38. Rf5 Rc7 39. Bc5 Bg6
40. Rf8+ Kh7 41. Bb4 a5 42. Bxa5 Re7 43. Kf2 Rxe6 44. Bb4 Be4 45. g4 g5 46. Bc5
Kg7 47. Ra8 Bc6 48. Bd4+ Kf7 49. Ra5 Kg6 50. Be3 Rf6+ 51. Ke1 b5 52. Bd4 Re6+
53. Kf2 Bd7 54. Ra8 Re8 55. Rxe8 Bxe8 56. a3 Bd7 57. Kg3 Bc6 58. h4 gxh4+ 59.
Kxh4 Bd7 60. Kg3 Be6 61. Kf4 Bd7 62. g5 Bc6 63. Be3 Bd7 64. Ke5 Be8 65. Kd6 Kf5
66. Kc5 Ke4 67. Bd4 Kf5 68. Bf6 Ke6 69. Kd4 Bc6 70. Kc5 Be8 71. Bd4 Kf5 72. Be3
Ke4 73. Bc1 Kd3 74. Kd5 Kxc3 75. Bf4 b4 76. Bd2+ Kxd2 77. axb4 Ke3 78. Kc5 Kf4
79. b5 Bxb5 80. Kxb5 1/2-1/2

[Event "BL 1415 SG Solingen - USV TU Dresden"]
[Site "?"]
[Date "2014.12.07"]
[Round "6.7"]
[White "Hoffmann, Paul"]
[Black "Andersen, Mads"]
[Result "0-1"]
[WhiteElo "2355"]
[BlackElo "2493"]
[PlyCount "98"]
[EventDate "2014.??.??"]

1. e4 e5 2. Bc4 Nc6 3. Nf3 Bc5 4. O-O Nf6 5. d3 O-O 6. Nc3 h6 7. h3 a6 8. a4 d6
9. Be3 Bxe3 10. fxe3 Be6 11. Nd5 Bxd5 12. exd5 Ne7 13. e4 Ng6 14. Kh2 a5 15.
Ng1 Nf4 16. Ne2 Nxe2 17. Qxe2 g6 18. Rf2 Kg7 19. g4 Nh7 20. Kg3 g5 21. Rf5 f6
22. Raf1 Rf7 23. d4 exd4 24. Qf2 Qe7 25. Qxd4 Re8 26. e5 dxe5 27. Qe4 Qd6 28.
Bd3 Nf8 29. R5f3 c6 30. Bc4 cxd5 31. Bxd5 Ne6 32. Bxe6 Rxe6 33. Rd3 Qc6 34. Rd5
Rc7 35. Rfd1 Ree7 36. c3 Qb6 37. R5d2 Qb3 38. Rf1 Rf7 39. Rff2 Qc4 40. Qf5 Qc6
41. h4 gxh4+ 42. Kxh4 Rfd7 43. Kg3 Rxd2 44. Rxd2 Qxa4 45. Rd6 Rf7 46. Rb6 Qd1
47. Re6 Qg1+ 48. Kh3 Qe3+ 49. Kh4 Qe2 0-1

[Event "BL 1415 SG Solingen - USV TU Dresden"]
[Site "?"]
[Date "2014.12.07"]
[Round "6.8"]
[White "Georgiadis, Nico"]
[Black "Uhlmann, Wolfgang"]
[Result "1-0"]
[WhiteElo "2460"]
[BlackElo "2322"]
[PlyCount "63"]
[EventDate "2014.??.??"]

1. e4 e6 2. d4 d5 3. Nc3 Bb4 4. exd5 exd5 5. Bd3 Ne7 6. Qf3 Be6 7. Nge2 Qd7 8.
O-O Nbc6 9. a3 Bxc3 10. bxc3 Bf5 11. Ng3 Bxd3 12. cxd3 O-O 13. Ra2 Rfe8 14. Re2
Ng6 15. Rfe1 Rxe2 16. Qxe2 Qe7 17. Qd1 Qd7 18. Qe2 f6 19. Nh5 Kf7 20. h3 Qe7
21. Qd1 Qd6 22. Qg4 Rd8 23. f4 Rg8 24. f5 Nf8 25. Nf4 Nd8 26. Qe2 Qd7 27. Nxd5
Nc6 28. Nxc7 g6 29. Ne6 Qd5 30. Nc7 Qxf5 31. Bh6 Qd7 32. Qa2+ 1-0

[Event "BL 1415 Werder Bremen - SG Turm Trier"]
[Site "?"]
[Date "2014.12.07"]
[Round "6.1"]
[White "Erdos, Viktor"]
[Black "Edouard, Romain"]
[Result "1/2-1/2"]
[WhiteElo "2618"]
[BlackElo "2659"]
[PlyCount "40"]
[EventDate "2014.??.??"]

1. Nf3 d5 2. g3 g6 3. Bg2 Bg7 4. d4 Nf6 5. c4 dxc4 6. Na3 O-O 7. O-O Na6 8.
Nxc4 c5 9. b3 Bf5 10. Bb2 Be4 11. Ncd2 Bc6 12. Qb1 cxd4 13. Bxd4 Nc7 14. Qb2
Ne6 15. Bc3 Qb6 16. Nc4 Qa6 17. Rfd1 Rad8 18. a4 Rxd1+ 19. Rxd1 Rd8 20. Rxd8+
Nxd8 1/2-1/2

[Event "BL 1415 Werder Bremen - SG Turm Trier"]
[Site "?"]
[Date "2014.12.07"]
[Round "6.2"]
[White "Efimenko, Zahar"]
[Black "Lupulescu, Constantin"]
[Result "1/2-1/2"]
[WhiteElo "2644"]
[BlackElo "2643"]
[PlyCount "67"]
[EventDate "2014.??.??"]

1. e4 e6 2. d4 d5 3. e5 c5 4. c3 Nc6 5. Nf3 Qb6 6. Na3 Bd7 7. Nc2 cxd4 8. cxd4
Nge7 9. Bd3 Nf5 10. O-O a5 11. Kh1 Rc8 12. Rb1 h6 13. Bd2 Be7 14. b4 axb4 15.
Nxb4 Nxb4 16. Bxb4 Bxb4 17. a3 Qa7 18. Rxb4 Ne7 19. Qb3 Rc7 20. Rb1 O-O 21. h3
Ra8 22. Rxb7 Rxb7 23. Qxb7 Qxa3 24. Rb3 Qa4 25. Kh2 Qc6 26. Qb4 Qa4 27. Qb7 Qc6
28. Rb6 Qc8 29. Qxc8+ Nxc8 30. Rb7 Be8 31. Ne1 Kf8 32. Nc2 Ne7 33. f4 Nc6 34.
Rb6 1/2-1/2

[Event "BL 1415 Werder Bremen - SG Turm Trier"]
[Site "?"]
[Date "2014.12.07"]
[Round "6.3"]
[White "Graf, Felix"]
[Black "Hracek, Zbynek"]
[Result "0-1"]
[WhiteElo "2476"]
[BlackElo "2636"]
[PlyCount "70"]
[EventDate "2014.??.??"]

1. d4 Nf6 2. c4 e6 3. Nf3 b6 4. a3 Bb7 5. Nc3 g6 6. Qc2 Bxf3 7. gxf3 Nc6 8. e3
Bg7 9. Bd2 Ne7 10. Ne4 Nf5 11. O-O-O O-O 12. h4 d5 13. Ng3 c6 14. Nxf5 exf5 15.
h5 a5 16. h6 Bh8 17. Rg1 dxc4 18. Bxc4 b5 19. Ba2 Qd7 20. Bb1 Rfc8 21. Qxf5 c5
22. d5 Kf8 23. Qxd7 Nxd7 24. Bc3 Bxc3 25. bxc3 b4 26. f4 Rab8 27. Rd2 bxc3 28.
Rc2 Rb3 29. Ba2 Rxa3 30. e4 c4 31. Rg3 Nc5 32. Rgxc3 Rxc3 33. Rxc3 Nxe4 34. Rc2
Nd6 35. Rd2 Ke7 0-1

[Event "BL 1415 Werder Bremen - SG Turm Trier"]
[Site "?"]
[Date "2014.12.07"]
[Round "6.4"]
[White "Nyback, Tomi"]
[Black "Parligras, Mircea-Emilian"]
[Result "0-1"]
[WhiteElo "2608"]
[BlackElo "2594"]
[PlyCount "74"]
[EventDate "2014.??.??"]

1. d4 Nf6 2. c4 e6 3. g3 d5 4. Nf3 Bb4+ 5. Bd2 Be7 6. Bg2 c6 7. Qc2 O-O 8. O-O
Nbd7 9. Bf4 b6 10. Rd1 Bb7 11. Nc3 dxc4 12. Nd2 Nd5 13. Nxc4 Nxf4 14. gxf4 Qc7
15. e3 Rad8 16. Rac1 c5 17. d5 exd5 18. Bxd5 Nf6 19. Bxb7 Qxb7 20. Ne5 g6 21.
Qa4 Bd6 22. Qc6 Qe7 23. Nc4 Bb8 24. a4 Rc8 25. Qf3 Qe6 26. b3 Rfd8 27. Rxd8+
Rxd8 28. Rd1 Rxd1+ 29. Qxd1 Kg7 30. Kg2 h6 31. Qf3 Qf5 32. Qb7 Qg4+ 33. Kh1 Qh3
34. Qg2 Qf5 35. Qf1 Qc2 36. Qa1 Qxf2 37. Nb5 Kh7 0-1

[Event "BL 1415 Werder Bremen - SG Turm Trier"]
[Site "?"]
[Date "2014.12.07"]
[Round "6.5"]
[White "Gonda, Laszlo"]
[Black "Babula, Vlastimil"]
[Result "1/2-1/2"]
[WhiteElo "2542"]
[BlackElo "2545"]
[PlyCount "123"]
[EventDate "2014.??.??"]

1. d4 Nf6 2. Bg5 d5 3. e3 c5 4. Bxf6 gxf6 5. Nc3 cxd4 6. exd4 Nc6 7. Qh5 e6 8.
O-O-O Bb4 9. Nge2 Bd7 10. h4 Qe7 11. Rh3 O-O-O 12. Re3 Qf8 13. g3 Ne7 14. Bh3
Bd6 15. Kb1 f5 16. Nc1 Ng8 17. Qe2 Nf6 18. Nd3 Ne4 19. Nxe4 dxe4 20. Nc1 Kb8
21. Bg2 Rg8 22. Nb3 Qe7 23. f3 f4 24. gxf4 Bxf4 25. Rxe4 Qxh4 26. d5 Bc8 27.
Bf1 Rxd5 28. Rxd5 exd5 29. Rd4 Rg1 30. a4 Qh2 31. Ka2 Qxe2 32. Bxe2 Bg5 33. f4
Bf6 34. Rxd5 Rh1 35. Bd3 Be6 36. Rb5 Rh4 37. a5 Rxf4 38. Bxh7 a6 39. Rh5 Ra4+
40. Kb1 Rb4 41. Rh2 Be5 42. Re2 f6 43. Nc5 Rxb2+ 44. Kc1 Ra2 45. Rxe5 fxe5 46.
Nxe6 Rxa5 47. Be4 b6 48. Kd2 Ra4 49. Kd3 Kc8 50. Bf5 Kb8 51. Be4 a5 52. Bc6 Rh4
53. c4 Rh6 54. Bd5 Rh3+ 55. Ke4 a4 56. c5 Rh4+ 57. Kxe5 a3 58. Nd4 bxc5 59. Nc2
Rh3 60. Kd6 Rc3 61. Nxa3 Rxa3 62. Kxc5 1/2-1/2

[Event "BL 1415 Werder Bremen - SG Turm Trier"]
[Site "?"]
[Date "2014.12.07"]
[Round "6.6"]
[White "Smerdon, David"]
[Black "Haslinger, Stewart G"]
[Result "1/2-1/2"]
[WhiteElo "2508"]
[BlackElo "2531"]
[PlyCount "67"]
[EventDate "2014.??.??"]

1. e4 d6 2. d4 Nf6 3. Nc3 e5 4. Nf3 Nbd7 5. g4 Nxg4 6. Rg1 Ngf6 7. Be3 c6 8.
Qd2 b5 9. O-O-O Qa5 10. dxe5 dxe5 11. Kb1 h6 12. Bh3 b4 13. Ne2 Qc7 14. Nh4 g6
15. f4 Nxe4 16. Qd3 Ndc5 17. Bxc5 Nxc5 18. Qe3 Bxh3 19. Qxh3 Be7 20. fxe5 Qxe5
21. Nd4 Qf6 22. Rge1 O-O 23. Nhf5 gxf5 24. Nxf5 Kh7 25. Rxe7 Na4 26. Re5 Rad8
27. Rde1 Rd5 28. Nxh6 Qxh6 29. Qf5+ Qg6 30. Rxd5 cxd5 31. Qh3+ Qh6 32. Qd3+ Qg6
33. Qh3+ Qh6 34. Qd3+ 1/2-1/2

[Event "BL 1415 Werder Bremen - SG Turm Trier"]
[Site "?"]
[Date "2014.12.07"]
[Round "6.7"]
[White "Seger, Ruediger"]
[Black "Meins, Gerlef"]
[Result "1/2-1/2"]
[WhiteElo "2372"]
[BlackElo "2443"]
[PlyCount "41"]
[EventDate "2014.??.??"]

1. e4 c5 2. b3 Nc6 3. Bb2 d6 4. Bb5 Bd7 5. f4 a6 6. Bxc6 Bxc6 7. d3 e6 8. Nf3
Nf6 9. Nbd2 Be7 10. O-O O-O 11. Qe1 b5 12. e5 dxe5 13. Nxe5 Bb7 14. Qg3 Ne8 15.
a4 f6 16. Ng4 Kh8 17. Rfe1 Nc7 18. Qf2 Qd7 19. Ne4 e5 20. h3 exf4 21. Nxc5
1/2-1/2

[Event "BL 1415 Werder Bremen - SG Turm Trier"]
[Site "?"]
[Date "2014.12.07"]
[Round "6.8"]
[White "Fish, Gennadij"]
[Black "Yankelevich, Lev"]
[Result "1/2-1/2"]
[WhiteElo "2467"]
[BlackElo "2333"]
[PlyCount "51"]
[EventDate "2014.??.??"]

1. d4 Nf6 2. c4 g6 3. Nc3 d5 4. e3 Bg7 5. Nf3 O-O 6. Bd3 c5 7. h3 Nc6 8. O-O h6
9. a3 cxd4 10. exd4 b6 11. Be3 Be6 12. Ne5 Nxe5 13. dxe5 d4 14. exf6 exf6 15.
Bd2 dxc3 16. Bxc3 Rc8 17. b3 f5 18. Qc2 Qh4 19. Rfd1 Rfd8 20. Be2 Qe4 21. Bd3
Qh4 22. Rac1 a5 23. Be2 Rxd1+ 24. Rxd1 a4 25. Bxg7 Kxg7 26. bxa4 1/2-1/2

[Event "BL 1415 Turm Emsdetten - SV Hockenheim"]
[Site "?"]
[Date "2014.12.07"]
[Round "6.4"]
[White "Ipatov, Alexander"]
[Black "Lenic, Luka"]
[Result "1/2-1/2"]
[WhiteElo "2608"]
[BlackElo "2646"]
[PlyCount "91"]
[EventDate "2014.??.??"]

1. d4 d5 2. c4 c6 3. Nf3 Nf6 4. Nc3 e6 5. Qd3 dxc4 6. Qxc4 b5 7. Qd3 Nbd7 8. e4
b4 9. Na4 Be7 10. Bg5 h6 11. Bxf6 Bxf6 12. Rc1 Bb7 13. Be2 a5 14. O-O Qb8 15.
e5 Be7 16. Qe3 O-O 17. Nc5 Rd8 18. Nxb7 Qxb7 19. Bd3 Rac8 20. Qe4 Nf8 21. h4
Qb6 22. Rc4 c5 23. Rfc1 Rc7 24. Bb1 b3 25. a3 Rdd7 26. dxc5 Rxc5 27. Rxc5 Bxc5
28. Qe2 Rc7 29. Rd1 Rd7 30. Re1 Qb8 31. g3 Ba7 32. Kg2 Qb6 33. h5 Qc5 34. Qf1
Qb6 35. Qe2 Qc5 36. Qf1 Qb6 37. Be4 Rc7 38. Qe2 Rd7 39. Rc1 Rc7 40. Rf1 Rd7 41.
Rc1 Rc7 42. Rf1 Rd7 43. g4 Qc5 44. Bb1 Qc6 45. Be4 Qc5 46. Bb1 1/2-1/2

[Event "BL 1415 Turm Emsdetten - SV Hockenheim"]
[Site "?"]
[Date "2014.12.07"]
[Round "6.5"]
[White "Baramidze, David"]
[Black "Grandelius, Nils"]
[Result "1/2-1/2"]
[WhiteElo "2601"]
[BlackElo "2573"]
[PlyCount "75"]
[EventDate "2014.??.??"]

1. d4 Nf6 2. c4 e6 3. g3 d5 4. Nf3 Bb4+ 5. Bd2 Bd6 6. Bg2 c6 7. O-O Nbd7 8. Qc2
O-O 9. Nc3 dxc4 10. Bg5 h6 11. Bxf6 Nxf6 12. e4 Be7 13. a4 b6 14. Ne5 Qc7 15.
Nxc4 Ba6 16. Qb3 Rac8 17. Rfd1 Rfd8 18. Rac1 Bf8 19. Qa2 Qb8 20. Bh3 Bb4 21.
Ne5 Re8 22. Qb1 c5 23. Na2 Be2 24. Nxb4 Bxd1 25. Nbc6 Qb7 26. Rxd1 Rxc6 27.
Nxc6 Qxc6 28. e5 Nd5 29. dxc5 Qxa4 30. Bg2 bxc5 31. Bxd5 exd5 32. Rxd5 Qc4 33.
Qd1 g6 34. h4 Qe4 35. Rxc5 Rxe5 36. Qd8+ Re8 37. Qf6 Qe7 38. Qxe7 1/2-1/2

[Event "BL 1415 Turm Emsdetten - SV Hockenheim"]
[Site "?"]
[Date "2014.12.07"]
[Round "6.6"]
[White "Yilmaz, Mustafa"]
[Black "Buhmann, Rainer"]
[Result "1/2-1/2"]
[WhiteElo "2580"]
[BlackElo "2601"]
[PlyCount "89"]
[EventDate "2014.??.??"]

1. c4 e6 2. g3 d5 3. Bg2 Nf6 4. Nf3 dxc4 5. Qa4+ Bd7 6. Qxc4 c5 7. Ne5 Qc8 8.
O-O Nc6 9. Nxd7 Qxd7 10. Nc3 Be7 11. Qa4 Rc8 12. d3 O-O 13. Bd2 Rfd8 14. a3 Nd4
15. Qd1 b6 16. Re1 h6 17. Rc1 c4 18. dxc4 Nc6 19. Nb1 Ng4 20. h3 Nge5 21. f4
Ng6 22. e3 Bf6 23. b4 Nce7 24. Kh2 Rc7 25. Qe2 Qc8 26. Red1 Nf5 27. Bf1 Nd6 28.
Be1 h5 29. Rc2 e5 30. Qxh5 Nxc4 31. Rdc1 b5 32. Qg4 Qa6 33. Qf3 e4 34. Qf2 Rd3
35. Nd2 Rxa3 36. Nxe4 Re7 37. Nc5 Qd6 38. Bxc4 bxc4 39. Bc3 Bxc3 40. Rxc3 Rxc3
41. Rxc3 a5 42. Rxc4 axb4 43. Ne4 Qd5 44. Rd4 Qc6 45. Nd2 1/2-1/2

[Event "BL 1415 Turm Emsdetten - SV Hockenheim"]
[Site "?"]
[Date "2014.12.07"]
[Round "6.7"]
[White "Wagner, Dennis"]
[Black "Burg, Twan"]
[Result "1/2-1/2"]
[WhiteElo "2484"]
[BlackElo "2516"]
[PlyCount "67"]
[EventDate "2014.??.??"]

1. d4 Nf6 2. c4 e6 3. Nf3 d5 4. Nc3 c6 5. e3 Nbd7 6. Qc2 Bd6 7. Bd3 O-O 8. O-O
e5 9. cxd5 cxd5 10. e4 exd4 11. Nxd5 Nxd5 12. exd5 h6 13. b3 Ne5 14. Nxe5 Bxe5
15. Re1 Re8 16. Bb2 Bd7 17. Bh7+ Kh8 18. Be4 Qa5 19. Qd1 d3 20. Bxe5 d2 21.
Bxg7+ Kxg7 22. Re3 f5 23. Rg3+ Kf6 24. Qh5 Rxe4 25. Qxh6+ Ke5 26. f4+ Kxd5 27.
Rd3+ Rd4 28. Qg7 Rxd3 29. Qxd7+ Ke4 30. Qe6+ Kd4 31. Qc4+ Ke3 32. Qe6+ Kd4 33.
Qc4+ Ke3 34. Qe6+ 1/2-1/2

[Event "BL 1415 Turm Emsdetten - SV Hockenheim"]
[Site "?"]
[Date "2014.12.07"]
[Round "6.8"]
[White "Zumsande, Martin"]
[Black "Banusz, Tamas"]
[Result "1/2-1/2"]
[WhiteElo "2429"]
[BlackElo "2596"]
[PlyCount "127"]
[EventDate "2014.??.??"]

1. e4 e5 2. Nf3 Nc6 3. d4 exd4 4. Nxd4 Nf6 5. Nxc6 bxc6 6. e5 Qe7 7. Qe2 Nd5 8.
c4 Nb6 9. Nc3 Qe6 10. Qe4 Ba6 11. b3 O-O-O 12. Bb2 Re8 13. O-O-O Qxe5 14. Qxe5
Rxe5 15. g3 d6 16. Bg2 Bb7 17. Ne4 Re8 18. Rhe1 d5 19. Nd2 Rd8 20. c5 Bxc5 21.
Bxg7 Rhg8 22. Bf6 Rde8 23. Bh3+ Kb8 24. Bf5 Ba6 25. Bxh7 Bxf2 26. Rf1 Bxf1 27.
Rxf1 Be3 28. Bxg8 Rxg8 29. Kd1 Nd7 30. Bb2 f6 31. Nf3 c5 32. Nh4 Bd4 33. Bxd4
cxd4 34. Nf5 c5 35. b4 cxb4 36. Ne7 Rh8 37. h4 a5 38. Rf5 Rh7 39. Nxd5 Rg7 40.
h5 Rxg3 41. Nf4 Rg5 42. h6 Rxf5 43. h7 Rxf4 44. h8=Q+ Kb7 45. Qh1+ Ka6 46. Qa8+
Kb6 47. Qd8+ Kc6 48. Qxa5 Ne5 49. Qa6+ Kc5 50. Qa5+ Kc4 51. Qc7+ Kd5 52. Qb7+
Ke6 53. Qxb4 Kf5 54. Qb5 d3 55. a4 Rf1+ 56. Kd2 Rf2+ 57. Kd1 Rf1+ 58. Kd2 Rf2+
59. Kd1 Rc2 60. Qd5 Kf4 61. Qd4+ Kf5 62. Qd5 Kf4 63. Qd4+ Kf5 64. Qd5 1/2-1/2

[Event "BL 1415 Hamburger SK - Hansa Dortmund"]
[Site "?"]
[Date "2014.12.07"]
[Round "6.1"]
[White "Donchenko, Alexander"]
[Black "Van Kampen, Robin"]
[Result "0-1"]
[WhiteElo "2523"]
[BlackElo "2612"]
[PlyCount "66"]
[EventDate "2014.??.??"]

1. Nf3 Nf6 2. g3 b6 3. Bg2 Bb7 4. O-O g6 5. d4 Bg7 6. c4 O-O 7. d5 Na6 8. Nc3
Nc5 9. Be3 e6 10. Rc1 Re8 11. Bd4 a5 12. Re1 d6 13. a3 e5 14. Be3 Ng4 15. Bg5
f6 16. Bd2 e4 17. Nd4 e3 18. Bxe3 Nxe3 19. fxe3 Bh6 20. Nc2 Qe7 21. b4 axb4 22.
axb4 Nb3 23. Rb1 Bxe3+ 24. Nxe3 Qxe3+ 25. Kh1 Nd2 26. Rc1 Ba6 27. Qc2 Bxc4 28.
Rcd1 Ra3 29. Nb1 Ra2 30. Qc1 Nxb1 31. Qxc4 Nc3 32. Rd3 Qf2 33. Qxc3 Raxe2 0-1

[Event "BL 1415 Hamburger SK - Hansa Dortmund"]
[Site "?"]
[Date "2014.12.07"]
[Round "6.2"]
[White "Kempinski, Robert"]
[Black "Anton Guijarro, David"]
[Result "0-1"]
[WhiteElo "2623"]
[BlackElo "2607"]
[PlyCount "94"]
[EventDate "2014.??.??"]

1. d4 f5 2. Nf3 Nf6 3. c4 g6 4. e3 Bg7 5. b4 a5 6. b5 d6 7. Bb2 O-O 8. Nc3 e6
9. Be2 Nbd7 10. O-O Qe7 11. Rc1 b6 12. Ne1 Bb7 13. Bf3 Ne4 14. Qc2 Ndf6 15. Nd3
Rad8 16. Na4 g5 17. Be2 g4 18. c5 Nd5 19. c6 Bc8 20. Rcd1 Qh4 21. Nf4 Nxf4 22.
exf4 Rf6 23. g3 Qh3 24. Bxg4 Qxg4 25. f3 Qg6 26. fxe4 fxe4 27. d5 e5 28. fxe5
Rxf1+ 29. Rxf1 dxe5 30. Qc4 Qd6 31. Nc3 Qb4 32. Qe2 e3 33. a3 Qb3 34. Ba1 Bh3
35. Rb1 Qxa3 36. Qc4 Qd6 37. Qh4 Bf5 38. Re1 Rf8 39. Qg5 Bh3 40. Qh4 Qf6 41.
Qxf6 Bxf6 42. Ne2 a4 43. Bb2 Rd8 44. Nc3 Be7 45. Nxa4 Rf8 46. Bxe5 Bb4 47. Nc3
Bxc3 0-1

[Event "BL 1415 Hamburger SK - Hansa Dortmund"]
[Site "?"]
[Date "2014.12.07"]
[Round "6.3"]
[White "Markus, Robert"]
[Black "Kravtsiv, Martyn"]
[Result "0-1"]
[WhiteElo "2602"]
[BlackElo "2563"]
[PlyCount "90"]
[EventDate "2014.??.??"]

1. Nf3 Nf6 2. g3 d5 3. Bg2 e6 4. O-O Be7 5. d3 O-O 6. Nbd2 c5 7. e4 Nc6 8. Re1
b5 9. exd5 Nxd5 10. c4 bxc4 11. dxc4 Nb6 12. b3 a5 13. Bb2 a4 14. Ne5 Nxe5 15.
Bxe5 Ra7 16. Ne4 Qxd1 17. Rexd1 Bb7 18. Nc3 Bxg2 19. Kxg2 Rfa8 20. Nb5 Rb7 21.
Bc7 Kf8 22. g4 Nc8 23. Bf4 Ra6 24. g5 f6 25. gxf6 gxf6 26. Kf3 Kf7 27. Rg1 Na7
28. Bh6 e5 29. bxa4 Ke6 30. Nc3 Nc6 31. Rg7 Rd7 32. Kg2 Na5 33. Rxh7 Nxc4 34.
h4 Nb6 35. h5 Nxa4 36. Ne4 f5 37. Ng3 Nc3 38. Rg7 Nd5 39. Rg6+ Bf6 40. Rc1 Ne7
41. Rxc5 f4 42. Ne4 Nxg6 43. hxg6 Kf5 44. Rc4 Be7 45. g7 Rd8 0-1

[Event "BL 1415 Hamburger SK - Hansa Dortmund"]
[Site "?"]
[Date "2014.12.07"]
[Round "6.4"]
[White "Ernst, Sipke"]
[Black "Heberla, Bartlomiej"]
[Result "1/2-1/2"]
[WhiteElo "2545"]
[BlackElo "2565"]
[PlyCount "79"]
[EventDate "2014.??.??"]

1. d4 Nf6 2. Nf3 g6 3. c4 Bg7 4. Nc3 O-O 5. e4 d6 6. Be2 e5 7. O-O Nc6 8. dxe5
dxe5 9. Bg5 Qxd1 10. Rfxd1 Bg4 11. h3 Bxf3 12. Bxf3 Nd4 13. Nd5 Nxd5 14. cxd5
f5 15. Kf1 Rf7 16. Rac1 Nxf3 17. gxf3 Bf8 18. Be3 Bd6 19. Rd3 Kf8 20. a4 a5 21.
Bc5 Ke7 22. Rb3 Bxc5 23. Rxc5 Kd6 24. Rc2 fxe4 25. fxe4 Rf4 26. f3 Ra7 27. Rbc3
Rf7 28. Kf2 Ra6 29. Rb3 c6 30. dxc6 bxc6 31. Rd3+ Kc7 32. Rd5 Re7 33. b3 Rb6
34. Rd3 Rd7 35. Rcd2 Rxd3 36. Rxd3 Rb8 37. Kg3 Rf8 38. h4 Rf6 39. Rd2 h6 40.
Rd3 1/2-1/2